Music Quiz

Random Music or The Beatles Quiz

Names of John Lennon's solo or Beatles songs Quiz Stats

 Plays Quiz not verified by Sporcle

Challenge
Share
Tweet
Embed
Score 0/40 Timer 02:00
0 Plays Today
Word in song name Song name % Correct
ComeCome Together
93.3%
TogetherCome Together
93.3%
BeautifulBeautiful Boy
92.4%
BoyBeautiful Boy
92.4%
DearDear Prudence
91.4%
PrudenceDear Prudence
91.4%
InstantInstant Karma
89.2%
KarmaInstant Karma
89.2%
NorwegianNorwegian Wood
89%
WoodNorwegian Wood
89%
GlassGlass Onion
88.6%
OnionGlass Onion
88.6%
JealousJealous Guy
88.1%
GuyJealous Guy
88.1%
ColdCold Turkey
87.5%
TurkeyCold Turkey
87.5%
NowhereNowhere Man
85.7%
ManNowhere Man
85.7%
MindMind Games
83.1%
GamesMind Games
83.1%
Word in song name Song name % Correct
PolythenePolythene Pam
79.9%
PamPolythene Pam
79.9%
HeyHey Bulldog
79.3%
BulldogHey Bulldog
79.3%
SexySexy Sadie
77.3%
SadieSexy Sadie
77.3%
CrippledCrippled Inside
76.7%
InsideCrippled Inside
76.7%
RevolutionRevolution 9
75.8%
9Revolution 9
75.8%
OhOh Yoko
74.9%
YokoOh Yoko
74.9%
DearDear Yoko
74.5%
YokoDear Yoko
74.5%
StartingStarting Over
71.3%
OverStarting Over
71.3%
YerYer Blues
67.2%
BluesYer Blues
67.2%
ThisThis Boy
59.6%
BoyThis Boy
59.6%

You're not logged in!

Compare scores with friends on all Sporcle quizzes.
Join for Free
OR
Log In

You Might Also Like...

Show Comments

Extras

Top Quizzes Today


Score Distribution

Your Account Isn't Verified!

In order to create a playlist on Sporcle, you need to verify the email address you used during registration. Go to your Sporcle Settings to finish the process.

Report this User

Report this user for behavior that violates our Community Guidelines.

Details: